00850nam a22002537a 450000500170000001000130001702000100003003500130004003700160005304000120006908200130008110000260009424500750012026000450019527000430024030000330028365000350031665000240035170000230037570000310039894200220042999900190045195201260047020170124110113.0 aA-118115 c00.00 aA-118115 bCen Lib/Ret aDPLbEN a900bFER aFerguson, John929504 aThe enduring past /cby John Ferguson, Ola Esan [and] Muriel M Laycock aLondonbCambridge University Pressc1965 aBentley House, 200 Euston RoadbLondon avii,154p. : c21cm(Hb)bill. aCivilization -- History929505 aCivilization915651 a Esan, Ola929506 a Laycock, Muriel M929507 2ddccENh900mFER c130560d130560 00104070aLbLd2015-07-09eCen Lib/Ret g0.00l0o900 FERpA-118115r2015-07-09 00:00:00t1v0.00w2015-07-09yEN